| 000 | 00764nam a2200253 a 4500 | ||
|---|---|---|---|
| 001 | 16112 | ||
| 003 | BD-RjUL | ||
| 005 | 20211208235945.0 | ||
| 008 | 140211r19621960enk 000 0 eng | ||
| 035 | _a(BD-RjUL)16167 | ||
| 040 |
_aDLC _cBD-RjUL _dBD-RjUL _beng |
||
| 041 | _aeng | ||
| 082 |
_223 _a658.3 _bNOP 1962 |
||
| 100 | 1 |
_aNorthcott, Clarence H. _q(Clarence Hunter), _d1880-1968. _949874 |
|
| 245 | 0 | 0 |
_aPersonnel management : _bprinciples and practice / _cC. H. Northcott |
| 250 | _a4th ed. | ||
| 260 |
_aLondon: _bPitman, _cc1960 [reprinted 1962] |
||
| 300 |
_avii, 421 p. : _bill.; _c23 cm. |
||
| 504 | _aBibliography: p. 333-334. | ||
| 650 | 0 |
_aPersonnel management. _949875 |
|
| 942 |
_2ddc _cBK |
||
| 999 |
_c16112 _d16112 |
||